00493nam a2200193Ia 4500008004100000020001800041050001400059100002200073245003700095245005000132260001500182260001600197260000900213300001400222300002700236300001000263440001800273500000800291170918s9999 xx 000 0 und d a9780590907392 bB631 1992 aBlackstein, Karen 4aThe blind men and the elephant / cKaren Backstein ; illustrated by Annie Mitra. aNew York : bScholastic, c1992 aunpaged : bcolored illustration ; c23cm. aHello reader. a280